000 00648nam a2200229Ia 4500
005 20241129104126.0
008 241129s9999||||xx |||||||||||||| ||und||
020 _a9781483391342
037 _aTextual
040 _aRTL
_beng
_cRTL
041 _aeng
_2eng
084 _aX:51-328 R2
_qRTL
100 _aCrane Frederick G
_9319384
245 0 _aMarketing entrepreneurs: Concepts and applications for new ventures
_cCrane Frederick G
250 _a3rd
260 _aNew Delhi
_bSage
_c2022
300 _axix,257p.
365 _aINR
_b7016.75
650 _aCommerce
942 _cTB
_hX:51-328 R2
999 _c1224529
_d1224529